|
|
|
|
| LEADER |
01803cas a2200253 a 4500 |
| 001 |
AALejournalIMF015161 |
| 008 |
230101c9999 xx r poo 0 0eng d |
| 020 |
|
|
|c 5.00 USD
|
| 020 |
|
|
|z 9781475534221
|
| 022 |
|
|
|a 1018-5941
|
| 040 |
|
|
|a BD-DhAAL
|c BD-DhAAL
|
| 100 |
1 |
|
|a Magud, Nicolas.
|
| 245 |
1 |
0 |
|a Investment in Emerging Markets We Are Not in Kansas Anymore ... Or Are We? /
|c Nicolas Magud, Sebastian Sosa.
|
| 264 |
|
1 |
|a Washington, D.C. :
|b International Monetary Fund,
|c 2015.
|
| 300 |
|
|
|a 1 online resource (31 pages)
|
| 490 |
1 |
|
|a IMF Working Papers
|
| 500 |
|
|
|a <strong>Off-Campus Access:</strong> No User ID or Password Required
|
| 500 |
|
|
|a <strong>On-Campus Access:</strong> No User ID or Password Required
|
| 506 |
|
|
|a Electronic access restricted to authorized BRAC University faculty, staff and students
|
| 520 |
3 |
|
|a We document that (i) although private investment growth in emerging markets has decelerated in recent years, it came down from cyclical highs and remains close to pre-crisis trends; and (ii) investment-to-output ratios generally remain close to or above historical averages. We show that investment is positively related to expect future profitability, cash flows and debt flows, and negatively associated with leverage. Critically, it is also positively related to (country-specific) commodity export prices and capital inflows. Lower commodity export prices and expected profitability, a moderation in capital inflows, and increased leverage account for the bulk of the recent investment deceleration.
|
| 538 |
|
|
|a Mode of access: Internet
|
| 700 |
1 |
|
|a Sosa, Sebastian.
|
| 830 |
|
0 |
|a IMF Working Papers; Working Paper ;
|v No. 2015/077
|
| 856 |
4 |
0 |
|z Full text available on IMF
|u http://elibrary.imf.org/view/journals/001/2015/077/001.2015.issue-077-en.xml
|z IMF e-Library
|